<?xml version="1.0" encoding="UTF-8"?>
<record
    xmlns:xsi="http://www.w3.org/2001/XMLSchema-instance"
    xsi:schemaLocation="http://www.loc.gov/MARC21/slim http://www.loc.gov/standards/marcxml/schema/MARC21slim.xsd"
    xmlns="http://www.loc.gov/MARC21/slim">

  <leader>00356nam a22001577a 4500</leader>
  <controlfield tag="003">OSt</controlfield>
  <controlfield tag="005">20240109160239.0</controlfield>
  <controlfield tag="008">191005b        xxu||||| |||| 00| 0 eng d</controlfield>
  <datafield tag="020" ind1=" " ind2=" ">
    <subfield code="a">9788170336402</subfield>
  </datafield>
  <datafield tag="040" ind1=" " ind2=" ">
    <subfield code="c">IIMT UNIVERSITY</subfield>
  </datafield>
  <datafield tag="100" ind1=" " ind2=" ">
    <subfield code="a">AHUJA RAM</subfield>
  </datafield>
  <datafield tag="245" ind1=" " ind2=" ">
    <subfield code="a">BHARTIYA SAMAJ</subfield>
  </datafield>
  <datafield tag="260" ind1=" " ind2=" ">
    <subfield code="b">RAWAT PUBLICATION</subfield>
    <subfield code="c">2019</subfield>
  </datafield>
  <datafield tag="300" ind1=" " ind2=" ">
    <subfield code="a">473</subfield>
  </datafield>
  <datafield tag="942" ind1=" " ind2=" ">
    <subfield code="2">ddc</subfield>
    <subfield code="c">01</subfield>
  </datafield>
  <datafield tag="999" ind1=" " ind2=" ">
    <subfield code="c">49172</subfield>
    <subfield code="d">49172</subfield>
  </datafield>
  <datafield tag="952" ind1=" " ind2=" ">
    <subfield code="0">0</subfield>
    <subfield code="1">0</subfield>
    <subfield code="2">ddc</subfield>
    <subfield code="4">0</subfield>
    <subfield code="7">0</subfield>
    <subfield code="a">01</subfield>
    <subfield code="b">01</subfield>
    <subfield code="d">2019-10-05</subfield>
    <subfield code="e">KIRTI PRAKASHAN</subfield>
    <subfield code="f">ART</subfield>
    <subfield code="g">295.00</subfield>
    <subfield code="i">IN5098/23-09-2019</subfield>
    <subfield code="p">01-B-129429</subfield>
    <subfield code="r">2019-10-05</subfield>
    <subfield code="u">sociel science</subfield>
    <subfield code="w">2019-10-05</subfield>
    <subfield code="y">06</subfield>
  </datafield>
  <datafield tag="952" ind1=" " ind2=" ">
    <subfield code="0">0</subfield>
    <subfield code="1">0</subfield>
    <subfield code="2">ddc</subfield>
    <subfield code="4">0</subfield>
    <subfield code="7">0</subfield>
    <subfield code="a">01</subfield>
    <subfield code="b">01</subfield>
    <subfield code="d">2019-10-05</subfield>
    <subfield code="e">KIRTI PRAKASHAN</subfield>
    <subfield code="f">ART</subfield>
    <subfield code="g">295.00</subfield>
    <subfield code="i">IN5098/23-09-2019</subfield>
    <subfield code="l">2</subfield>
    <subfield code="p">01-B-129430</subfield>
    <subfield code="r">2022-08-08</subfield>
    <subfield code="s">2022-07-16</subfield>
    <subfield code="u">sociel science</subfield>
    <subfield code="w">2019-10-05</subfield>
    <subfield code="y">02</subfield>
  </datafield>
</record>
